00335nam a2200121Ia 4500008004100000024001500041082001800056100002400074245003000098260002600128600002100154650003800175260210s9999 xx 000 0 und d a11B-028-BS a005.72072 HAS aHassam Hussain Khan 0aProject Deals (CODE BOOK) aKarachi:bUITU,c2011 aComputer Science aBachelor of Computer Science (BS)